000 00411cam a22001337a 4500
008 180718b1973 xxu||||| |||| 00| 0 eng d
082 _aB811x54 Si64
100 _aSinha, Sachchidanand
245 _aInternal colony: a study in regional exploitation
_cby Sachchidanand Sinha
260 _aNew Delhi
_bSindhu
_c1973
300 _a159p.
650 _aIndia --Economic policy.
650 _aFederal government --India
999 _c353843
_d353843